00250nam a2200097Ia 4500008004100000100002400041245004500065260002200110300000800132650001200140190216s9999||||xx |||||||||||||| ||und|| aParama Hamsa Tiwari 0aUniversal Principles Of Space And Matter bOrient Publishers a187 aEnglish